Responses for Show #4531 - Monday, April 26, 2004

Tom Baker game 4.

Contestants

[<< previous game]

Richard Sautter, an actor and writer from Radnor, Pennsylvania

Doug Grenier, a mathematics professor from Broken Arrow, Oklahoma

Tom Baker, a writer from Tokyo, Japan (whose 3-day cash winnings total $102,300)

[next game >>]

Jeopardy! Round responses

ME "FIRST"!
SITCOM UNCLES
ALSO A CHINESE DYNASTY
SAMUEL
LIBRARIES
AMERICANA
    $200 1
the First Amendment

Doug
    $200 6
Bewitched

Richard
    $200 20
Tang

Tom
    $200 26
Australia

Doug
    $200 7
camels

Tom
    $200 8
star

Tom
    $400 2
"The First Noel"

Tom
    $400 17
Seinfeld

Doug
    $400 21
Han

Tom
    $400 27
(Oliver) Cromwell

Tom
    $400 13
Greek

Richard
    $400 9
hamburger

Tom
    $600 3
(Alex: John Tyler's wife.)

a first lady

Tom
    $600 18
John Stamos

Triple Stumper
    $600 22
sung

Richard
    $600 28
Seagram's

Tom
    $1,000 14
the Medicis

Richard
    $600 10
socks

Tom
    $800 4
first degree burn

Doug
    $800 19
My Three Sons

Tom
    $800 24
(Alex: Minute to go.)

chin

Richard
    $800 29
Samuel French

Richard
    $800 15
(Richard: What is a rare books library?)

law library

TomRichard
    $800 11
(Doug: What is The Museum of Natural History?)

The Air & Space Museum

DougRichard
    $1000 5
the First Crusade

Doug
    $1000 23
My Favorite Martian

Doug
    $1000 25
Sui

Doug
    $1000 30
Samuel Gompers

Doug
    $1000 16
Venezuela

Doug
    $1000 12
(Richard: What is "Lunch Counter?")

"Soda Fountain"

Richard
Triple Stumper

Scores at the first commercial break (after clue 14):

Tom Doug Richard
$2,400 $1,200 $1,400

Scores at the end of the Jeopardy! Round:

Tom Doug Richard
$5,600 $5,800 $2,800

Double Jeopardy! Round responses

CAPITAL CITY MUSEUMS
COUNTRY MUSIC DRINKIN' SONGS
IVY LEAGUERS
IN THE BOOKSTORE
LET'S GET TOGETHER
WHAT'S "D" MATTER?
    $400 8
New Delhi

Richard
    $400 26
tears

Doug
    $400 1
(F. Scott) Fitzgerald

Doug
    $400 16
Pompeii

Tom
    $400 21
troops

Tom
    $400 3
drake

Richard
    $800 12
Vienna

Richard
    $800 27
whiskey

Doug
    $800 2
(Alex: Who created the Vietnam War Memorial.)

Maya Lin

Triple Stumper
    $800 17
(Richard: Who is Lady Bird Johnson?)

Laura Bush

Richard
Triple Stumper
    $800 22
swallows

Doug
    $800 4
distillery

Doug
    $1200 13
London

Tom
    $1200 28
Jose Cuervo

Richard
    $3,200 9
Dartmouth

Richard
    $1200 18
Carrie Fisher

Tom
    $1200 23
army

Tom
    $1200 5
Davenport

Richard
    $1600 14
Moscow

Doug
    $1600 29
(Tom: Who is Glen Campbell?)

Roger Miller

Tom
Triple Stumper
    $1600 10
Charles Addams

Doug
    $1600 19
Gabriel Garcia Marquez

Triple Stumper
    $1600 24
(Alex: With a minute to go.)

hounds

Doug
    $1600 6
dot-commer

Doug
    $2000 15
Cairo

Richard
    $2000 30
longnecks

Doug
    $2000 11
(Tom: Who is O'Connor?)

Ruth Bader Ginsburg

Tom
Triple Stumper
    $2000 20
Jon Krakauer

Tom
    $2000 25
moose & squirrel

Richard
    $2,000 7
(Doug: What is...doge?)

Dalai Lama

Doug

Scores at the end of the Double Jeopardy! Round:

Tom Doug Richard
$8,400 $15,400 $13,200

[wagering suggestions for these scores]

Final Jeopardy! Round responses

PHRASES
(Alex: Referring to the death of Elvis Presley.)
TomWhat is "The King is dead"?
$8,399
RichardWhat is Tie
$13,150
DougWhat is The King Is Dead
$12,000
"The King Is Dead"

Final scores:

Tom Doug Richard
$16,799 $27,400 $50
2nd place: $2,000 New champion: $27,400 3rd place: $1,000

Game dynamics:

Coryat scores:

Tom Doug Richard
$8,400 $17,400 $10,800
18 R,
2 W
19 R,
2 W
(including 1 DD)
15 R
(including 2 DDs),
3 W

Combined Coryat: $36,600

[game clues] [game scores] [suggest correction]

Game tape date: 2004-02-04
The J! Archive is created by fans, for fans. Scraping, republication, monetization, and malicious use prohibited; this site may use cookies and collect identifying information. See terms. The Jeopardy! game show and all elements thereof, including but not limited to copyright and trademark thereto, are the property of Jeopardy Productions, Inc. and are protected under law. This website is not affiliated with, sponsored by, or operated by Jeopardy Productions, Inc. Join the discussion at JBoard.tv.